| 000 | 00850nam a22002177a 4500 | ||
|---|---|---|---|
| 999 |
_c7316 _d7316 |
||
| 003 | AR-CdUCM | ||
| 008 | 190320b ||||| |||| 00| 0 spa d | ||
| 040 |
_aMUNICIPALIDAD PROVINCIAL DEL CUSCO _cBIBLIOTECA MUNICIPAL DEL CUSCO |
||
| 041 | _heng | ||
| 082 |
_a621.93 / _bO26 |
||
| 110 |
_aCentro regional de ayuda técnica _910048 |
||
| 245 | _aObtenga la máxima utilidad de su sierra circular y ensamblador / | ||
| 260 |
_aMéxico, D. F : _bDiana, _c1971. |
||
| 300 |
_a127 páginas ; _bIlustraciones, _c21 cm. |
||
| 500 | _aTitulo original: Getting the most out of your circular saw and jointer. | ||
| 505 | _aLa sierra circular -- Hojas y cortadoras para sierra -- Aserrado sencillo -- Operaciones especiales -- Plantillas e ideas ... | ||
| 650 |
_aHerramienta _920626 |
||
| 650 |
_aEnsambladora _920627 |
||
| 942 |
_2ddc _cLIBROS |
||
| 945 | _aacv | ||